000 00561nam a2200229Ia 4500
003 OSt
005 20250313154044.0
008 210210b1920 xxu||||| |||| 00| 0 eng d
040 _cAL
041 _aeng
082 _a335/258
100 _aRANDE (G M)
_9206155
245 _aEssays on Indian Economics
260 _aMadras
_bG A Natesan and Company
_c1920
650 _aon
_9206156
650 _aIndian
_9206157
650 _aEssays
_9206158
650 _aEconomics
_9206159
690 _aIndian Economics
_9206160
906 _a004600
942 _2ddc
_cBK
999 _c126847
_d126847